000 00890nam a22002297a 4500
003 OSt
005 20260328155132.0
008 260210b |||||||| |||| 00| 0 eng d
040 _c0
082 _aDPer 796.07 J826 January-October 2023 v.42 n. 1-4
100 _aBoza, Carolina Nieva.
_eauthor.
_969609
245 _aTeaching for Immigrant Girls' Inclusion /
_cCarolina Nieva Boza, and Teresa LleixĂ  Arribas.
260 _aUS
_bHuman Kinetics, Inc.
_cJanuary 2023
300 _aVolume 42, pages 4-12 :
_billustration ;
_c29 cm.
500 _aJournal of Teaching in Physical Education, vol. 42 no. 1, pages 4-12, January-October 2023.
650 0 _aElementary school teachers.
_940607
650 0 _aFamily Role
_969968
650 0 _aForeign countries.
_967089
700 _aBoza, Carolina Nieva.
_eauthor.
_969609
700 _a Arribas, Teresa LleixĂ 
_eauthor.
_969610
942 _2ddc
_cPER
999 _c24284
_d24284